00519nam a22001697a 450000500170000001000130001702000230003003500130005303700420006608200120010810000180012024500580013826000590019627000640025530000200031950000100033920180702163139.0 aB-182048 a8120327004c425.00 aB-182048 bPrentic-Hall of India Private Limited a005.754 aEsposito,Dino aIntroducing microsoft ASP.Net 2.0/c by Dino Esposito aNew DelhibPrentic-Hall of India Private Limitedc2006 aM-97, Connaught Circus, New Delhi-110001b New Delhe110001 a427p.c24cm(pb) aIndex